Depeše nezvěstného muže /

Hlavní autor: Voldán, Jan
Další autoři: Bernard, Václav
Jazyk: Čeština
Vydáno: Praha : Naše vojsko, 1980
Edice: Magnet (Naše vojsko)
Externí odkaz: Digitalizovaný dokument
Fyzický popis: 121 s. : il. ; 21 cm
Knihy
Uloženo v:
LEADER 00991nam a22002652a 4500
001 001220663
003 CZ BrMZK
005 20120606204431.0
007 ta
008 120606s1980 xr a er|||||||||||cze d
015 |a cnb000152797 
040 |a ABA001  |b cze  |c ABA001  |d ABA001 
100 1 |a Voldán, Jan  |7 xx0066439  |4 aut 
245 1 0 |a Depeše nezvěstného muže /  |c Jan Voldán, Václav Bernard 
260 |a Praha :  |b Naše vojsko,  |c 1980 
300 |a 121 s. :  |b il. ;  |c 21 cm 
490 1 |a Magnet ;  |v 8/1980 
700 1 |a Bernard, Václav  |7 jk01011880  |4 aut 
830 0 |a Magnet (Naše vojsko)  |0 s 
856 4 1 |u http://www.digitalniknihovna.cz/mzk/uuid/uuid:a71de6b0-c161-11e3-aec3-005056827e52  |y Digitalizovaný dokument  |x NDK 
910 |a BOA001  |b D-0823.352 
990 |a BK 
991 |b 201206 
996 6 |b 2619534707  |c D-0823.352  |l MZK  |r Sklad / do 24 hodin  |n 0  |w 001254578  |u 000010  |a 1  |e BOA001  |j MZK50  |s P 
996 6 |b 2619534708  |c D-0823.352  |l MZK  |r Sklad / do 24 hodin  |n 0  |w 001254578  |u 000020  |a 1  |e BOA001  |j MZK50  |s P